000 00555nam a2200193Ia 4500
999 _c7798
_d7798
003 OSt
005 20200103104256.0
008 190216s9999||||xx |||||||||||||| ||und||
020 _a9780071333351
020 _a0071333355
040 _coclc
082 _a332.10954
_bKHA/I
100 _aKhan, M Y
_91004
245 0 _aIndian Financial System /
_c M Y Khan
250 _a7th ed.
260 _bTata Mcgraw Hill Publishing Company Ltd,
_c2011.
_aNew Delhi:
300 _a765p
942 _cBK
_2ddc
_h332.10954
_iKHA/I
_k332.10954
_mKHA/I